000 00342nam a22001337a 4500
008 250605b |||||||| |||| 00| 0 eng d
020 _a9788184114683
050 _aQR 121
_b.B 43
100 _aBhardwaj Gaurav
245 _aApplied diary microbiology
260 _aNew delhi
_bSonali publications
_c2023
300 _a280p
942 _cBK
999 _c3818
_d3818